|
|
|
|
| LEADER |
00000nab a2200000 a 4500 |
| 001 |
vtls000357917 |
| 003 |
SK-MaSNL |
| 005 |
20260303222807.0 |
| 008 |
111201c1989 xo 0 slo |
| 015 |
|
|
|a SNBRB19rr/mm-uuuuu
|
| 035 |
|
|
|a CL0358039
|
| 040 |
|
|
|a SNKBUCL
|b slo
|c SNKBUCL
|e AACR2
|
| 041 |
0 |
|
|a slo
|
| 044 |
|
|
|a xo
|c SK
|
| 080 |
|
|
|a 82.09:820-3(081)(048)
|2 1981
|
| 080 |
|
|
|a 820-3(081)(048)
|2 1981
|
| 100 |
1 |
|
|a LČ
|4 aut
|9 838489
|
| 245 |
1 |
0 |
|a Výlet do Orientu
|c LČ
|
| 650 |
0 |
7 |
|a poviedky psychologické
|2 snkbucl
|9 893883
|
| 655 |
|
7 |
|a články z novín a časopisov
|2 snkbucl
|9 267496
|
| 655 |
|
7 |
|a články z odboru literárna veda a krásna literatúra
|2 snkbucl
|9 770045
|
| 700 |
1 |
|
|a Kipling, Rudyard,
|d 1865-1936
|4 aut
|9 122052
|
| 773 |
0 |
|
|t Nové knihy
|g Č. 28 (1989), s. 3
|
| 787 |
0 |
8 |
|i Rec.:
|a Kipling, Rudyard
|t Vojna sahibov
|d Bratislava : Slovenský spisovateľ, 1989
|
| 850 |
|
|
|a Slovenská národná knižnica v Martine
|a MTA001
|
| 852 |
|
|
|a SNK
|b KIS3GCP
|
| 958 |
|
|
|a RK
|
| 958 |
|
|
|a LX
|
| 992 |
|
|
|a RBX
|
| 999 |
|
|
|c 2243584
|d 2245514
|